[Event "Pfalz-ch Seniors 86th"]
[Site "Wolfstein"]
[Date "2017.04.14"]
[Round "6"]
[White "Janzer, Hans"]
[Black "Ortinau, Helmut"]
[Result "0-1"]
[WhiteElo "2191"]
[BlackElo "2173"]
[PlyCount "128"]
[EventDate "2017.04.07"]
[EventType "swiss"]
[EventRounds "7"]
[EventCountry "GER"]
[SourceTitle "EXT 2018"]
[Source "ChessBase"]
[SourceDate "2017.10.13"]
[SourceVersion "1"]
[SourceVersionDate "2017.10.13"]
[SourceQuality "1"]

1. e4 c5 2. c3 Nf6 3. e5 Nd5 4. d4 cxd4 5. cxd4 e6 6. Nf3 b6 7. Be2 Bb7 8. 0-0 d6 9. Nc3 Nd7 10. Bg5 Nxc3 11. bxc3 Be7 12. Bf4 dxe5 13. Nxe5 0-0 14. Bf3 Bxf3 15. Qxf3 Nxe5 16. Bxe5 Bd6 17. Rfe1 Rc8 18. Rad1 Bxe5 19. Rxe5 Qc7 20. Re3 Rfd8 21. Qe4 Qc6 22. Qh4 Qa4 23. Rde1 Rd5 24. Qe7 Rd7 25. Qg5 Qc2 26. Rg3 g6 27. Qe3 Qxa2 28. Qh6 Qb3 29. Rh3 f6 30. Rhe3 Rc6 31. Qh3 f5 32. Qf3 Qd5 33. Qe2 Kf7 34. h4 h6 35. Qd2 Kg7 36. Qe2 Rdd6 37. Qa6 Rd7 38. Qe2 Re7 39. h5 g5 40. Re5 Qc4 41. Qxc4 Rxc4 42. Rxf5 Rxc3 43. Rfe5 Rc6 44. f4 gxf4 45. R1e4 Rf7 46. Rxe6 Rxe6 47. Rxe6 Rd7 48. Re4 Kf6 49. Rxf4+ Kg5 50. g3 Kxh5 51. Kf2 Kg6 52. Ke3 b5 53. Ke4 b4 54. Rf8 Rb7 55. Rf2 b3 56. Rb2 Kf6 57. Kd5 a5 58. Kc6 Rb4 59. Kc5 Rb8 60. d5 Ke7 61. Kc6 Kd8 62. d6 a4 63. Rf2 Rc8+ 64. Kd5 Rc2 0-1

[Event "Mehlingen PSB-ch MAT1"]
[Site "Mehlingen"]
[Date "1999.03.28"]
[Round "3"]
[White "Ledig, Horst"]
[Black "Janzer, Hans"]
[Result "1/2-1/2"]
[WhiteElo "1822"]
[BlackElo "2031"]
[PlyCount "38"]
[EventDate "1999.??.??"]
[EventType "tourn"]
[EventRounds "9"]
[EventCountry "GER"]
[SourceTitle "EXT 2001"]
[Source "ChessBase"]
[SourceDate "2000.11.22"]
[SourceVersion "1"]
[SourceVersionDate "2000.11.22"]
[SourceQuality "1"]

1. d4 Nf6 2. c4 c5 3. d5 e6 4. Nc3 exd5 5. Nxd5 Nxd5 6. Qxd5 Nc6 7. Nf3 Be7 8. a3 0-0 9. e3 d6 10. Be2 Be6 11. Qd1 Ne5 12. b3 Bf6 13. Ra2 Qc7 14. 0-0 Rfd8 15. Rd2 Rab8 16. Qc2 a6 17. Rfd1 Bg4 18. Nxe5 Bxe2 19. Rxe2 dxe5 1/2-1/2